| 000 | 00870cam a2200205 i 4500 | ||
|---|---|---|---|
| 005 | 20251223114518.0 | ||
| 008 | 250721s2002 jo gr 000 0 ara d | ||
| 082 | 1 | 4 |
_a218.32 _bج و ز |
| 100 | 1 |
_aإبن الجوزي، شمس الدين أبو الخير محمد _d-833ه، _eمؤلف. |
|
| 245 | 1 | 0 |
_aعدة الحصن الحصين من كلام سيد المرسلين / _cللشيخ الامام محمد بن الجزري الدمشقي ؛ تحقيق عكاشة عبد المنان. |
| 250 | _aالطبعه الاولى. | ||
| 264 | 3 | 1 |
_aعمان : _bمكتبة الإمام علي للنشر و التوزيع، _c2002. |
| 300 | _a119صفحة. | ||
| 650 | 1 | 7 | _aالحديث الشريف. |
| 650 | 1 | 7 | _aالدعاء. |
| 650 | 1 | 7 | _aالذكر. |
| 700 | 1 |
_aعبد المنان، عكاشه _eتحقيق |
|
| 942 |
_2ddc _cBK |
||
| 999 |
_c41037 _d41037 |
||